Nomi dei calciatori - Quiz n°23 - Statistics

Statistiche generali
  • Questo quiz è stato fatto 82 volte
  • Il punteggio medio è 8 su 10
Statistiche sulle risposte
Hint Risposta % Corretto
Barzagli Andrea
97%
Giaccherini Emanuele
97%
Benatia Medhi
84%
Medel Gary
81%
Koopmeiners Teun
78%
Obi Joel
74%
Huntelaar Klaas-Jan
74%
ìĐuričić Filipì
70%
Djimsiti Berat
64%
Großkreutz Kevin
53%
Nessun quiz corrispondente trovato
Distribuzione punteggi
Percentuale di utenti per punteggio
Percentile per numero di risposta
I tuoi punteggi nel tempo
Non hai fatto questo quiz